[Event "22. Copenhagen Open  (Politiken Cup)"]
[Site "Copenhagen"]
[Date "2000.07.26"]
[Round "9"]
[White "Hansen, Herluf"]
[Black "Pedersen, Steen"]
[Result "1/2-1/2"]
[WhiteElo "2047"]
[BlackElo "1755"]
[PlyCount "131"]
[EventDate "2000.07.17"]
[EventType "swiss"]
[EventRounds "11"]
[EventCountry "DEN"]
[SourceDate "2004.01.01"]

1. Nf3 d5 2. g3 c6 3. Bg2 Bf5 4. b3 Nf6 5. Bb2 e6 6. O-O Nbd7 7. c4 Bd6 8. Nc3
O-O 9. d3 Re8 10. h3 Rc8 11. Nh4 Qc7 12. Nxf5 exf5 13. cxd5 Nxd5 14. Nxd5 cxd5
15. Rc1 Qa5 16. Rxc8 Rxc8 17. Qa1 Qd2 18. Bf3 Qg5 19. h4 Qh6 20. Rc1 Re8 21.
Rc2 f4 22. Kg2 fxg3 23. fxg3 Qg6 24. Qe1 Qxd3 25. Rd2 Qa6 26. Rxd5 Nf6 27. Bxf6
gxf6 28. Qd2 Bf8 29. Qc2 b6 30. Rh5 h6 31. Rd5 Qc8 32. Qd2 Qe6 33. Rd4 Qe3 34.
Qxe3 Rxe3 $11 35. Rd7 Re7 36. Rd8 Kg7 37. Ra8 Rc7 38. Be4 Bd6 39. Bd3 Bb4 40.
Kf3 Bc5 41. Ba6 Bd6 42. g4 Be5 43. Rd8 Bh2 44. b4 Be5 45. Rd3 Rc3 $11 46. Rxc3
Bxc3 47. b5 Kf8 48. Ke4 Ke7 49. Kd5 Kd7 50. Bb7 Be1 51. h5 Bd2 $11 52. Bc6+ Ke7
53. a4 Be3 54. Ke4 Bg5 55. Bd5 Bh4 56. Bb3 Bf2 57. Kd5 Kd7 58. Bc2 Be3 59. Bf5+
Kc7 60. Bg6 Bg5 61. Bxf7 Kd7 62. Bg6 Kc7 63. Bf5 Bh4 64. Ke6 Bg5 65. Bc2 Bh4
66. e4 1/2-1/2

[Event "22. Copenhagen Open  (Politiken Cup)"]
[Site "Copenhagen"]
[Date "2000.07.26"]
[Round "9"]
[White "Hansen, Ib Lyns"]
[Black "Nielsen, Simon Saito"]
[Result "1-0"]
[WhiteElo "1769"]
[BlackElo "2138"]
[PlyCount "105"]
[EventDate "2000.07.17"]
[EventType "swiss"]
[EventRounds "11"]
[EventCountry "DEN"]
[SourceDate "2004.01.01"]

1. d4 Nf6 2. g3 g6 3. Bg2 Bg7 4. e4 d6 5. c4 O-O 6. Nc3 e5 7. dxe5 dxe5 8. Qxd8
Rxd8 9. Bg5 c6 10. Nge2 h6 11. Be3 Be6 12. b3 Na6 13. O-O Ng4 14. Bc1 f5 15.
Ba3 Rd7 16. Rad1 Rad8 17. Rxd7 Rxd7 18. Rd1 Rxd1+ 19. Nxd1 fxe4 20. Bxe4 Bf5
21. Bxf5 gxf5 22. h3 Nf6 23. Ne3 f4 24. gxf4 e4 25. Nf5 Kh7 26. Nxg7 Kxg7 27.
Ng3 Kg6 28. Bd6 b6 29. Kf1 Ne8 $11 30. Bf8 Nf6 31. Ke2 c5 32. f5+ Kh7 33. a3
Nb8 34. b4 cxb4 35. Bxb4 Nc6 36. Bc3 Nd7 37. Nxe4 Nce5 38. Nf6+ Nxf6 39. Bxe5
Nd7 40. Bd4 Kg8 41. Ke3 Kf7 42. Ke4 Nb8 43. Be3 h5 44. Bd4 Nc6 45. Bc3 Ne7 46.
a4 Nc6 47. Kf4 Ne7 48. Kg5 Nc8 49. Bb4 a5 50. Ba3 Na7 51. Kxh5 Nc6 52. Bb2 Nb4
53. Bd4 1-0

[Event "22. Copenhagen Open  (Politiken Cup)"]
[Site "Copenhagen"]
[Date "2000.07.26"]
[Round "9"]
[White "Hansen, Morten Lyck"]
[Black "Nicolaisen, Jeppe"]
[Result "1/2-1/2"]
[WhiteElo "1812"]
[BlackElo "2040"]
[PlyCount "34"]
[EventDate "2000.07.17"]
[EventType "swiss"]
[EventRounds "11"]
[EventCountry "DEN"]
[SourceDate "2004.01.01"]

1. e4 c5 2. Nf3 Nc6 3. d4 cxd4 4. Nxd4 Nf6 5. Nc3 e6 6. Ndb5 Bb4 7. a3 Bxc3+ 8.
Nxc3 d5 9. exd5 exd5 10. Bd3 O-O 11. O-O d4 12. Ne4 Bf5 13. Bg5 Bxe4 14. Bxe4
Qd6 15. Bf3 Rfe8 16. Bxf6 Qxf6 17. Bxc6 Qxc6 1/2-1/2

[Event "22. Copenhagen Open  (Politiken Cup)"]
[Site "Copenhagen"]
[Date "2000.07.26"]
[Round "9"]
[White "Heinola, Vesa"]
[Black "Haugsdal, Arn Tore"]
[Result "0-1"]
[WhiteElo "2227"]
[BlackElo "2007"]
[PlyCount "58"]
[EventDate "2000.07.17"]
[EventType "swiss"]
[EventRounds "11"]
[EventCountry "DEN"]
[SourceDate "2004.01.01"]

1. d4 Nf6 2. c4 c5 3. d5 b5 4. Nf3 Bb7 5. Nc3 b4 6. Nb1 e6 7. dxe6 fxe6 8. b3
Ne4 9. Bb2 Be7 10. e3 Bf6 11. Qc2 O-O 12. Bd3 d5 13. Nbd2 Nd7 14. O-O Bxb2 15.
Qxb2 Nc3 16. Qc2 h6 17. Nb1 d4 18. Nxc3 dxc3 19. Be4 Qc7 20. Rad1 a5 21. Bxb7
Qxb7 22. Rd6 a4 23. Rfd1 axb3 24. axb3 Nf6 25. h3 Ra6 26. Rd8 Qe4 27. R8d3 Rfa8
28. Kh2 Kh7 29. Ne1 Ra2 0-1

[Event "22. Copenhagen Open  (Politiken Cup)"]
[Site "Copenhagen"]
[Date "2000.07.26"]
[Round "9"]
[White "Hovmoller, Kristian"]
[Black "Mashiri, Arthur"]
[Result "1/2-1/2"]
[WhiteElo "2170"]
[BlackElo "2045"]
[PlyCount "99"]
[EventDate "2000.07.17"]
[EventType "swiss"]
[EventRounds "11"]
[EventCountry "DEN"]
[SourceDate "2004.01.01"]

1. d4 Nf6 2. c4 d6 3. Nc3 Nbd7 4. e4 e5 5. Nge2 g6 6. f3 Bg7 7. Be3 O-O 8. Qd2
a6 9. O-O-O Re8 10. Kb1 Rb8 11. Nc1 exd4 12. Bxd4 b6 13. Be2 Bb7 14. h4 Bc6 15.
g4 b5 16. h5 Ne5 17. hxg6 hxg6 18. Rh3 Bd7 19. Rdh1 bxc4 20. Be3 {[#]} Nexg4
21. fxg4 Nxe4 22. Nxe4 Rxe4 23. b3 Qf6 24. Kc2 cxb3+ 25. axb3 Be6 26. Bh6 Qb2+
27. Kd1 Rd4 28. Rd3 Rxd3 29. Bxd3 Bxg4+ 30. Be2 Bxe2+ 31. Qxe2 Qxe2+ 32. Kxe2
Bxh6 33. Rxh6 Kg7 34. Rh3 f5 35. Rc3 c5 36. Nd3 g5 37. Nb2 d5 38. Nd3 Re8+ 39.
Kf2 c4 40. bxc4 dxc4 41. Rxc4 Re6 42. Ra4 Rb6 43. Nb4 f4 44. Nxa6 Kg6 45. Nb4
Rd6 46. Ra6 Rxa6 47. Nxa6 Kh5 48. Nc5 Kg4 49. Ne4 Kf5 50. Nxg5 1/2-1/2

[Event "22. Copenhagen Open  (Politiken Cup)"]
[Site "Copenhagen"]
[Date "2000.07.26"]
[Round "9"]
[White "Howe, Dennis"]
[Black "Dongart, Dennis"]
[Result "1/2-1/2"]
[WhiteElo "2015"]
[BlackElo "2138"]
[PlyCount "64"]
[EventDate "2000.07.17"]
[EventType "swiss"]
[EventRounds "11"]
[EventCountry "DEN"]
[SourceDate "2004.01.01"]

1. e4 c6 2. d4 d5 3. Nc3 dxe4 4. Nxe4 Nf6 5. Nxf6+ gxf6 6. c3 Bf5 7. Bd3 Bg6 8.
Ne2 e6 9. Ng3 Bd6 10. Bh6 Nd7 11. Ne4 Bxe4 12. Bxe4 f5 13. Bc2 Rg8 14. Qf3 Qa5
15. a3 O-O-O 16. O-O-O Nb6 17. Bb3 Qb5 18. Kc2 f4 19. g3 Qf5+ 20. Kc1 Nd5 21.
Bxd5 cxd5 22. Rhg1 Rg6 23. Bxf4 Rdg8 24. Rge1 Rg4 25. Qd3 Bxf4+ 26. gxf4 Qxf4+
27. Qe3 Qxh2 28. Rh1 Qg2 29. Rxh7 Re4 30. Qd2 Qf3 31. Rf1 Re2 32. Rxf7 Qe4
1/2-1/2

[Event "22. Copenhagen Open  (Politiken Cup)"]
[Site "Copenhagen"]
[Date "2000.07.26"]
[Round "9"]
[White "Jacobsen, Jesper Howalt"]
[Black "Brondum, Jan Kraul"]
[Result "1/2-1/2"]
[WhiteElo "1289"]
[BlackElo "1452"]
[PlyCount "40"]
[EventDate "2000.07.17"]
[EventType "swiss"]
[EventRounds "11"]
[EventCountry "DEN"]
[SourceDate "2004.01.01"]

1. d4 Nf6 2. c4 e6 3. Nf3 c5 4. e3 d5 5. cxd5 exd5 6. Bb5+ Bd7 7. Bxd7+ Nbxd7
8. dxc5 Bxc5 9. O-O O-O 10. Nc3 Nb6 11. b3 Rc8 12. Bb2 Qe7 13. Ne2 Rfd8 14. Bd4
Nbd7 15. Qd2 Ne4 16. Qd3 Rc6 17. Rfc1 Rh6 18. Bxc5 Ndxc5 19. Qd4 b6 20. Rc2 Ne6
1/2-1/2

[Event "22. Copenhagen Open  (Politiken Cup)"]
[Site "Copenhagen"]
[Date "2000.07.26"]
[Round "9"]
[White "Jessen, Simon Pind"]
[Black "Nielsen, Nicholas Roland"]
[Result "1-0"]
[WhiteElo "2126"]
[BlackElo "1864"]
[PlyCount "49"]
[EventDate "2000.07.17"]
[EventType "swiss"]
[EventRounds "11"]
[EventCountry "DEN"]
[SourceDate "2004.01.01"]

1. d4 Nf6 2. Nf3 g6 3. c4 Bg7 4. Nc3 O-O 5. Bg5 d6 6. e3 Nbd7 7. Qc2 e5 8. dxe5
Nxe5 9. Nxe5 dxe5 10. Rd1 Qe8 11. e4 Be6 12. Nd5 Bxd5 13. cxd5 Rc8 14. Be2 c6
15. d6 Qe6 16. O-O Rcd8 17. Bc4 Qc8 18. f4 Ng4 19. Qe2 b5 20. Bxd8 Rxd8 21. d7
Qc7 22. Bxf7+ Kxf7 23. Qxg4 Ke7 24. Qh4+ Ke6 25. f5+ 1-0

[Event "22. Copenhagen Open  (Politiken Cup)"]
[Site "Copenhagen"]
[Date "2000.07.26"]
[Round "9"]
[White "Jorgensen, Arne Bjorn"]
[Black "Hansen, Henrik Damgaard"]
[Result "1-0"]
[WhiteElo "2006"]
[BlackElo "1508"]
[PlyCount "127"]
[EventDate "2000.07.17"]
[EventType "swiss"]
[EventRounds "11"]
[EventCountry "DEN"]
[SourceDate "2004.01.01"]

1. d4 Nf6 2. c4 c5 3. d5 e6 4. Nc3 exd5 5. cxd5 d6 6. e4 g6 7. Nf3 a6 8. a4 Bg4
9. Be2 Bxf3 10. Bxf3 Nbd7 11. Bf4 Ne5 12. Bxe5 dxe5 13. O-O Bd6 14. Qd2 O-O 15.
a5 Nd7 16. Nd1 f5 17. Ne3 fxe4 18. Bxe4 Rf4 19. f3 Rf7 20. Nc4 Nf6 21. Qc3 Qe7
22. Rac1 Nd7 23. Qd3 Raf8 24. Rfe1 Rc8 25. Rc2 Kg7 26. Rec1 Rb8 27. Qc3 Rff8
28. Rf1 Kg8 29. Qd3 Rf7 30. g3 Re8 31. Kg2 Kg7 32. Rfc1 Qf8 33. h4 h6 34. Rh1
Rf6 35. h5 g5 36. Re1 Qe7 37. Qc3 Kg8 38. Rce2 Ref8 39. Qd3 Kg7 40. Qc3 Kg8 41.
Re3 R6f7 42. Bg6 Rf6 43. Bc2 Qf7 44. Qd3 Kh8 45. R1e2 Rg8 46. Ba4 Rf8 47. Bxd7
Qxd7 48. Qc3 Kg8 49. Nxe5 Bxe5 50. Qxe5 Qd8 51. Qe7 Qxd5 52. Qe4 Qxe4 53. fxe4
Rc8 54. Rd3 Rc7 55. Rd5 Kf7 56. Red2 Ke7 57. e5 Re6 58. Rd6 Rxe5 59. Rxh6 Rc6
60. Rh7+ Ke8 61. Rxb7 c4 62. Rdd7 Rce6 63. Rh7 Re2+ 64. Kh3 1-0

[Event "22. Copenhagen Open  (Politiken Cup)"]
[Site "Copenhagen"]
[Date "2000.07.26"]
[Round "9"]
[White "Keeling, Karen"]
[Black "Hoff, Terje"]
[Result "0-1"]
[WhiteElo "1680"]
[BlackElo "2051"]
[PlyCount "63"]
[EventDate "2000.07.17"]
[EventType "swiss"]
[EventRounds "11"]
[EventCountry "DEN"]
[SourceDate "2004.01.01"]

1. c4 Nf6 2. g3 g6 3. Bg2 Bg7 4. Nc3 O-O 5. d3 c5 6. a3 Nc6 7. Rb1 a5 8. Nh3 d6
9. O-O e5 10. Ng5 h6 11. Nf3 Be6 12. h3 d5 13. cxd5 Nxd5 14. Nd2 f5 15. Nxd5
Bxd5 16. Bxd5+ Qxd5 17. Qb3 Rfd8 18. Qxd5+ Rxd5 19. Re1 b5 20. Kg2 Rad8 21. Nf1
Nd4 22. Ne3 R5d7 23. b3 Kf7 24. Bd2 f4 25. gxf4 exf4 26. Nf1 Nc2 27. Red1 f3+
28. Kxf3 Nd4+ 29. Kg2 Nxe2 30. Bxa5 Ra8 31. Re1 Nf4+ 32. Kg3 0-1

[Event "22. Copenhagen Open  (Politiken Cup)"]
[Site "Copenhagen"]
[Date "2000.07.26"]
[Round "9"]
[White "Kokholm, Daniel"]
[Black "Lonborg, Morten"]
[Result "0-1"]
[WhiteElo "1732"]
[BlackElo "2166"]
[PlyCount "46"]
[EventDate "2000.07.17"]
[EventType "swiss"]
[EventRounds "11"]
[EventCountry "DEN"]
[SourceDate "2004.01.01"]

1. d4 c5 2. d5 Nf6 3. Nc3 e5 4. e4 d6 5. Bb5+ Nbd7 6. Be3 a6 7. Bxd7+ Bxd7 8.
a4 b6 9. f3 Be7 10. Nge2 b5 11. b3 h5 12. h4 b4 13. Nb1 Nh7 14. g3 {[#]} g5 15.
Qd3 gxh4 16. f4 hxg3 17. Rxh5 Bg4 18. Rh1 Bh4 19. Rg1 exf4 20. Bxf4 Bxe2 21.
Kxe2 Qf6 22. Nd2 Qxf4 23. Raf1 Qg4+ 0-1

[Event "22. Copenhagen Open  (Politiken Cup)"]
[Site "Copenhagen"]
[Date "2000.07.26"]
[Round "9"]
[White "Kragh, Niels Kristian"]
[Black "Molvig, Henrik"]
[Result "1/2-1/2"]
[WhiteElo "1966"]
[BlackElo "2224"]
[PlyCount "32"]
[EventDate "2000.07.17"]
[EventType "swiss"]
[EventRounds "11"]
[EventCountry "DEN"]
[SourceDate "2004.01.01"]

1. e4 c5 2. Nf3 d6 3. d4 cxd4 4. Nxd4 Nf6 5. Nc3 a6 6. Bg5 e6 7. f4 Be7 8. Qf3
Qc7 9. O-O-O Nbd7 10. g4 b5 11. Bxf6 Nxf6 12. g5 Nd7 13. f5 Bxg5+ 14. Kb1 Ne5
15. Qh5 Qd8 16. Nxe6 Bxe6 1/2-1/2

[Event "22. Copenhagen Open  (Politiken Cup)"]
[Site "Copenhagen"]
[Date "2000.07.26"]
[Round "9"]
[White "Lardot, Derik"]
[Black "Al Saad, Mofid"]
[Result "0-1"]
[WhiteElo "2019"]
[BlackElo "1496"]
[PlyCount "236"]
[EventDate "2000.07.17"]
[EventType "swiss"]
[EventRounds "11"]
[EventCountry "DEN"]
[SourceDate "2004.01.01"]

1. e4 c5 2. c3 g6 3. d4 cxd4 4. cxd4 Bg7 5. Nf3 d6 6. h3 Nf6 7. Nc3 O-O 8. Be3
Nc6 9. d5 Nb8 10. Qd2 Nbd7 11. Bd3 Nc5 12. Bc2 Re8 13. O-O a5 14. a3 a4 15.
Bxc5 dxc5 16. e5 Nd7 17. Bxa4 Nxe5 18. Nxe5 Bxe5 19. Bxe8 Qxe8 20. Rfe1 Bd4 21.
Re2 e5 22. dxe6 Bxe6 23. Rae1 Qc6 24. Qd3 Bf5 25. Qc4 Qf6 26. Nd5 Qh4 27. Qb5
Kg7 28. Qb3 Ra4 29. Kf1 Ra6 30. Qf3 Bd7 31. Re7 Bb5+ 32. Kg1 Bf6 33. Rxb7 Bc6
34. Rc7 Ba8 35. Qe2 Bd4 36. Rxf7+ Kxf7 37. Qe8+ Kg7 38. Re7+ Kh6 39. Qf8+ Kg5
40. Ne3 Rf6 41. Qxa8 Qxf2+ 42. Kh2 Bxe3 43. Qd5+ Kh6 44. Qd1 Bf4+ 45. Kh1 Qg3
46. Qg1 Rd6 47. Re1 Rd2 48. Rb1 Be5 49. b4 Bd4 50. Qh2 Qxh2+ 51. Kxh2 cxb4 52.
axb4 Rb2 53. Re1 Rxb4 54. Kg3 Kg5 55. Kf3 Rb3+ 56. Ke4 Bb6 57. Re2 h5 58. Kd5
Bc7 59. Kc4 Rg3 60. Kd5 Bb6 61. Re5+ Kh6 62. Re2 Kg7 63. Re7+ Kf8 64. Re2 Re3
65. Rb2 Bd8 66. Ra2 Kf7 67. Kd4 Re1 68. Rf2+ Bf6+ 69. Kd3 Ke6 70. Kd2 Ra1 71.
Kd3 Bh4 72. Rc2 Rf1 73. Ke4 Kf6 74. Rc3 Be1 75. Rc1 Rg1 76. Kf3 Kg5 77. Rc5+
Kh6 78. Rc1 Bf2 79. Rc6 Bh4 80. Rc4 Rf1+ 81. Ke3 Bg3 82. Rc2 h4 83. Ra2 Kg5 84.
Ra5+ Rf5 85. Ra2 Bh2 86. Ra1 Bf4+ 87. Ke4 Re5+ 88. Kf3 Re3+ 89. Kf2 Rb3 90.
Ra5+ Kf6 91. Ra2 g5 92. Kf1 Bg3 93. Ra1 Kf5 94. Ra2 Rb1+ 95. Ke2 Re1+ 96. Kf3
Rf1+ 97. Ke3 Bh2 98. Ke2 Rb1 99. Kf3 Rb3+ 100. Ke2 Be5 101. Ra4 Ke6 102. Ra5
Rg3 103. Kf1 Bd4 104. Rb5 Kd6 105. Ra5 Bc5 106. Rb5 Kd5 107. Rb8 Ke4 108. Re8+
Kf4 109. Re2 Rc3 110. Rd2 Be3 111. Rd5 Kg3 112. Re5 Rc1+ 113. Ke2 Bf4 114. Rd5
Kxg2 115. Rd3 Rh1 116. Rf3 Bg3 117. Rf5 Re1+ 118. Kd3 Re5 0-1

[Event "22. Copenhagen Open  (Politiken Cup)"]
[Site "Copenhagen"]
[Date "2000.07.26"]
[Round "9"]
[White "Laursen, Niels Norskov"]
[Black "Jorgensen, Brian"]
[Result "1-0"]
[WhiteElo "2079"]
[BlackElo "2227"]
[PlyCount "161"]
[EventDate "2000.07.17"]
[EventType "swiss"]
[EventRounds "11"]
[EventCountry "DEN"]
[SourceDate "2004.01.01"]

1. e4 c5 2. Nc3 Nc6 3. g3 d6 4. Bg2 Nf6 5. d3 g6 6. f4 Bg7 7. Nf3 Rb8 8. O-O
O-O 9. h3 b5 10. a3 a5 11. g4 b4 12. axb4 axb4 13. Ne2 c4 14. Ng3 cxd3 15. cxd3
Nd7 16. Kh1 b3 17. d4 Nb4 18. Qxb3 Ba6 19. Rd1 Nd3 20. Qc2 Qc8 21. Qd2 Bb5 22.
Ra3 Nxc1 23. Rxc1 Qd8 24. Qa5 Rb6 25. e5 Bc6 26. Qd2 Qb8 27. Rc2 Rd8 28. Qf2
Nf8 29. Kh2 Bd5 30. h4 Ne6 31. Ng5 Bxg2 32. Nxe6 fxe6 33. Qxg2 Rb4 34. Qf2 Rf8
35. Qd2 dxe5 36. fxe5 Qb6 37. Rd3 Rd8 38. Ne2 Qb5 39. h5 Bxe5+ 40. Kg2 Qd5+ 41.
Kg1 Ra4 42. hxg6 hxg6 43. Nf4 Ra1+ 44. Rc1 Rxc1+ 45. Qxc1 Bxd4+ 46. Kh2 Qd6 47.
Kh3 e5 48. Qc4+ Kh8 49. Ne6 Qd5 50. Qxd5 Rxd5 51. b3 Kg8 52. Ng5 Rd6 53. Ne4
Rc6 54. Kg2 Rc2+ 55. Rd2 Rc1 56. Ra2 Kg7 57. Ra8 Re1 58. Ng3 e4 59. Ra4 e5 60.
g5 Rg1+ 61. Kh2 e3 62. Rxd4 Rb1 63. Re4 Rxb3 64. Rxe5 Kf7 65. Kg2 Ra3 66. Ne2
Ra1 67. Kf3 Ra3 68. Rxe3 Ra5 69. Kg4 Ra1 70. Rc3 Ra7 71. Rc6 Ra4+ 72. Nf4 Rb4
73. Rf6+ Kg7 74. Rxg6+ Kh7 75. Rd6 Ra4 76. Rd7+ Kg8 77. Kf5 Kf8 78. Nd5 Kg8 79.
Nf6+ Kf8 80. Kg6 Ra7 81. Nh7+ 1-0

[Event "22. Copenhagen Open  (Politiken Cup)"]
[Site "Copenhagen"]
[Date "2000.07.26"]
[Round "9"]
[White "Lilja, Richard"]
[Black "Grand, Hans Henrik"]
[Result "1-0"]
[WhiteElo "2080"]
[BlackElo "2036"]
[PlyCount "33"]
[EventDate "2000.07.17"]
[EventType "swiss"]
[EventRounds "11"]
[EventCountry "DEN"]
[SourceDate "2004.01.01"]

1. e4 c5 2. Nc3 g6 3. d4 cxd4 4. Qxd4 Nf6 5. Bb5 Nc6 6. Bxc6 bxc6 7. e5 Nd5 8.
Nxd5 cxd5 9. Qxd5 Rb8 10. e6 Bg7 11. exf7+ Kf8 12. Nf3 Ba6 13. Ne5 d6 14. Nd3
Bxd3 15. Qxd3 Bxb2 16. Bxb2 Rxb2 17. Qc3 1-0

[Event "22. Copenhagen Open  (Politiken Cup)"]
[Site "Copenhagen"]
[Date "2000.07.26"]
[Round "9"]
[White "Lund, Silas"]
[Black "Antonsen, Mikkel"]
[Result "1-0"]
[WhiteElo "2261"]
[BlackElo "2377"]
[PlyCount "61"]
[EventDate "2000.07.17"]
[EventType "swiss"]
[EventRounds "11"]
[EventCountry "DEN"]
[SourceDate "2004.01.01"]

1. c4 c5 2. Nf3 Nf6 3. Nc3 e6 4. g3 b6 5. Bg2 Bb7 6. O-O Be7 7. d4 cxd4 8. Qxd4
d6 9. b3 O-O 10. Rd1 Qc8 11. Ba3 Rd8 12. Qf4 e5 13. Qe3 Na6 14. Ne1 Bxg2 15.
Nxg2 Nc7 16. Qd3 Bf8 17. Ne3 b5 18. Bb2 Qe6 19. Nxb5 Nxb5 20. cxb5 d5 21. Qf5
Qxf5 22. Nxf5 d4 23. f4 Bc5 24. fxe5 Ng4 25. Bxd4 Rxd4 26. Nxd4 Rd8 27. Rac1
Rxd4 28. Rxd4 Bxd4+ 29. Kg2 h5 30. a4 Nxe5 31. a5 {[#]} 1-0

[Event "22. Copenhagen Open  (Politiken Cup)"]
[Site "Copenhagen"]
[Date "2000.07.26"]
[Round "9"]
[White "McShane, Rod"]
[Black "Greisen, Flemming Dahl"]
[Result "1/2-1/2"]
[WhiteElo "1400"]
[BlackElo "1488"]
[PlyCount "121"]
[EventDate "2000.07.17"]
[EventType "swiss"]
[EventRounds "11"]
[EventCountry "DEN"]
[SourceDate "2004.01.01"]

1. e4 e6 2. d4 d5 3. Nd2 c5 4. c3 Qb6 5. Ndf3 dxe4 6. dxc5 Bxc5 7. Qa4+ Bd7 8.
Qxe4 Bxf2+ 9. Kd2 Nf6 10. Qe2 Qd6+ 11. Kc2 Qc5 12. Nh3 Qf5+ 13. Kd1 Bc5 14. Ne5
Qe4 15. Nxd7 Nbxd7 16. Qb5 a6 17. Qe2 O-O-O 18. Qxe4 Nxe4 19. g3 Ndf6+ 20. Ke2
Ng4 21. Bg2 Ngf2 22. Nxf2 Nxf2 23. Rf1 Ng4 24. Rxf7 Rd7 25. Rxd7 Kxd7 26. Bxb7
Nxh2 27. Bxa6 e5 28. Bd2 Rf8 29. Bb5+ Kd6 30. Be3 Bxe3 31. Kxe3 Rf3+ 32. Ke4
Rxg3 33. Rd1+ Kc7 34. Kxe5 Rg5+ 35. Ke6 Rxb5 36. Rd7+ Kc6 37. Rd6+ Kc5 38. Rd5+
Kc6 39. Rd6+ Kb7 40. Rd7+ Ka6 41. Rxg7 Rxb2 42. Rxh7 Rxa2 43. Kd5 Ng4 44. Kd4
Rd2+ 45. Kc5 Ne3 46. Rh6+ Ka5 47. Rb6 Rd5+ 48. Kc6 Rh5 49. Rb1 Nc2 50. Rb2 Na3
51. Ra2 Ka4 52. Rg2 Nc4 53. Ra2+ Kb3 54. Rg2 Kxc3 55. Rg3+ Kd4 56. Rg4+ Kd3 57.
Rg3+ Ne3 58. Rg6 Kd4 59. Rd6+ Kc4 60. Re6 Rc5+ 61. Kd6 1/2-1/2

[Event "22. Copenhagen Open  (Politiken Cup)"]
[Site "Copenhagen"]
[Date "2000.07.26"]
[Round "9"]
[White "Mortensen, Erling"]
[Black "Simonsen, Olavur"]
[Result "1-0"]
[WhiteElo "2438"]
[BlackElo "2183"]
[PlyCount "59"]
[EventDate "2000.07.17"]
[EventType "swiss"]
[EventRounds "11"]
[EventCountry "DEN"]
[SourceDate "2004.01.01"]

1. c4 Nf6 2. Nc3 d6 3. d4 g6 4. e4 Bg7 5. f3 O-O 6. Nge2 e5 7. Bg5 Nc6 8. d5
Ne7 9. Qd2 Ne8 10. g4 f6 11. Be3 f5 12. h3 Kh8 13. g5 f4 14. Bf2 Rf7 15. O-O-O
Bf8 16. h4 Ng8 17. Bh3 Bxh3 18. Rxh3 Ng7 19. Kb1 Nh5 20. Rh2 h6 21. Rg2 hxg5
22. hxg5 Be7 23. Rdg1 Rh7 {[#]} 24. Nd4 exd4 25. Bxd4+ Ng7 26. Ne2 Bf8 27. Nxf4
Ne7 28. Rh2 Rh5 29. Nxh5 gxh5 30. g6 1-0

[Event "22. Copenhagen Open  (Politiken Cup)"]
[Site "Copenhagen"]
[Date "2000.07.26"]
[Round "9"]
[White "Mortensen, Henrik"]
[Black "Auchenberg, Per"]
[Result "1-0"]
[WhiteElo "2089"]
[BlackElo "2006"]
[PlyCount "44"]
[EventDate "2000.07.17"]
[EventType "swiss"]
[EventRounds "11"]
[EventCountry "DEN"]
[SourceDate "2004.01.01"]

1. Nf3 g6 2. c4 Bg7 3. Nc3 d6 4. d4 Nf6 5. e4 O-O 6. Be2 e5 7. dxe5 dxe5 8.
Qxd8 Rxd8 9. Bg5 Re8 10. Nd5 Nxd5 11. cxd5 c6 12. Bc4 cxd5 13. Bxd5 Nc6 14.
O-O-O Bg4 15. Kb1 Rac8 16. Rc1 Rc7 17. Rc3 Rec8 18. Rhc1 Bd7 19. Be7 Be8 20.
Bd6 Rd7 21. Bxe5 Bxe5 22. Nxe5 Rdc7 {Time} 1-0

[Event "22. Copenhagen Open  (Politiken Cup)"]
[Site "Copenhagen"]
[Date "2000.07.26"]
[Round "9"]
[White "Maechel, Michael"]
[Black "Manley, Christian"]
[Result "0-1"]
[WhiteElo "1611"]
[BlackElo "1204"]
[PlyCount "136"]
[EventDate "2000.07.17"]
[EventType "swiss"]
[EventRounds "11"]
[EventCountry "DEN"]
[SourceDate "2004.01.01"]

1. e4 c5 2. Nf3 Nc6 3. d4 cxd4 4. Nxd4 e6 5. Nxc6 bxc6 6. Be3 Qa5+ 7. c3 Rb8 8.
Qc2 Qc7 9. Nd2 Bd6 10. f4 Bxf4 11. Bxf4 Qxf4 12. O-O-O Qc7 13. Bc4 Nf6 14. h3
Bb7 15. Rhf1 d5 16. exd5 cxd5 17. Bb5+ Bc6 18. Bxc6+ Qxc6 19. Nb3 O-O 20. Qf2
Qb6 21. Qg3 Ne4 22. Qf3 a5 23. Rd4 Nc5 24. Rf2 Nxb3+ 25. axb3 Qxb3 26. Qh5 Qa2
27. Rc2 Qa1+ 28. Kd2 Rxb2 29. Rh4 Rxc2+ 30. Kxc2 Qa2+ 31. Kd3 Qb1+ 32. Kd4 Rc8
33. Ke5 Qf5+ 34. Qxf5 exf5 35. Kxd5 Rxc3 36. Ra4 Rc2 37. Rxa5 g6 38. Ke5 Kg7
39. g4 fxg4 40. hxg4 Rh2 41. g5 h6 42. gxh6+ Rxh6 43. Ra7 Rh5+ 44. Kf4 Rf5+ 45.
Kg4 Kh6 46. Ra8 Kg7 47. Ra7 Rh5 48. Rb7 Kh6 49. Rxf7 Rd5 50. Rb7 Rd4+ 51. Kf3
g5 52. Rb6+ Kh5 53. Rb8 g4+ 54. Ke3 Ra4 55. Rh8+ Kg5 56. Rg8+ Kh4 57. Rh8+ Kg3
58. Rg8 Kg2 59. Rg7 g3 60. Rg8 Ra3+ 61. Kf4 Rf3+ 62. Kg4 Ra3 63. Rb8 Ra4+ 64.
Kg5 Kh2 65. Rh8+ Kg1 66. Rb8 g2 67. Rf8 Kh2 68. Rf2 Kg3 0-1

[Event "22. Copenhagen Open  (Politiken Cup)"]
[Site "Copenhagen"]
[Date "2000.07.26"]
[Round "9"]
[White "Nicolaisen, Erik"]
[Black "Aabling Thomsen, Jakob"]
[Result "1/2-1/2"]
[WhiteElo "2035"]
[BlackElo "1589"]
[PlyCount "116"]
[EventDate "2000.07.17"]
[EventType "swiss"]
[EventRounds "11"]
[EventCountry "DEN"]
[SourceDate "2004.01.01"]

1. e4 c5 2. Nf3 Nc6 3. b3 d6 4. Bb2 Nf6 5. Nc3 g6 6. g3 Bg7 7. d3 Bg4 8. Bg2
O-O 9. h3 Be6 10. O-O Nd7 11. Qd2 Nde5 12. Nxe5 Bxe5 13. f4 Bd4+ 14. Kh2 f5 15.
Nd1 Bxb2 16. Nxb2 Bd7 17. Rae1 Qc7 18. Nc4 Rae8 19. Ne3 e5 {=} 20. exf5 Bxf5
21. Nd5 Qg7 22. g4 Bc8 23. Kh1 Kh8 24. Rf2 Rf7 25. Nc3 Qf8 26. Ref1 Qh6 27. Kg1
Ref8 28. fxe5 Qxd2 {=} 29. Rxd2 Rxf1+ 30. Bxf1 dxe5 31. Ne4 b6 32. Bg2 Nd4 33.
Nd6 Be6 34. c3 Nf3+ 35. Bxf3 Rxf3 36. Kh2 Kg7 37. Nb5 Bd7 38. Nxa7 Rf7 39. c4
Bxg4 40. Nc6 Bf5 41. Nxe5 Re7 42. Ng4 Bxg4 43. hxg4 Re3 44. d4 cxd4 45. Rxd4
Re2+ 46. Kg3 Rxa2 47. Rd6 Ra6 48. c5 Ra5 49. cxb6 Rb5 50. Kf4 h5 51. Rd7+ Kf6
52. Rd6+ Kf7 53. gxh5 gxh5 54. Rh6 Rxb3 55. Kg5 Rb5+ 56. Kh4 Ke7 57. b7 Kd7 58.
Rxh5 Rxh5+ 1/2-1/2

[Event "22. Copenhagen Open  (Politiken Cup)"]
[Site "Copenhagen"]
[Date "2000.07.26"]
[Round "9"]
[White "Nielsen, Anders Bodholt"]
[Black "Bogdanov, Dimitri"]
[Result "0-1"]
[WhiteElo "2055"]
[BlackElo "2093"]
[PlyCount "64"]
[EventDate "2000.07.17"]
[EventType "swiss"]
[EventRounds "11"]
[EventCountry "DEN"]
[SourceDate "2004.01.01"]

1. d4 Nf6 2. c4 e5 3. dxe5 Ng4 4. Nf3 Bc5 5. e3 Nc6 6. Be2 O-O 7. Nbd2 Re8 8.
a3 a5 9. b3 Bxe3 10. O-O Bc5 11. Ne4 Qe7 12. Qd5 Ba7 13. Bg5 Qe6 14. Qd2 Ngxe5
15. Rae1 d6 16. Kh1 Bd7 17. h3 h6 18. Bh4 Ng6 19. Bg3 Nce5 20. Nc3 Bc6 21. Ng1
Qf6 22. Nd5 Bxd5 23. cxd5 Bb6 24. f4 Nd7 25. Bb5 Rxe1 26. Qxe1 Ngf8 27. Bh4 Qf5
28. Qe7 Ng6 29. Qxd7 Nxh4 30. Nf3 Qf6 31. Nxh4 Qxh4 32. f5 Rd8 0-1

[Event "22. Copenhagen Open  (Politiken Cup)"]
[Site "Copenhagen"]
[Date "2000.07.26"]
[Round "9"]
[White "Nielsen, Dagh"]
[Black "Moller, Arne"]
[Result "1-0"]
[WhiteElo "1576"]
[BlackElo "2026"]
[PlyCount "45"]
[EventDate "2000.07.17"]
[EventType "swiss"]
[EventRounds "11"]
[EventCountry "DEN"]
[SourceDate "2004.01.01"]

1. e4 c5 2. Nf3 d6 3. d4 cxd4 4. Nxd4 Nf6 5. Nc3 g6 6. Be3 Bg7 7. f3 O-O 8. Qd2
Nc6 9. Bc4 Na5 10. Bb3 a6 11. h4 Bd7 12. Bh6 Rc8 13. Bxg7 Kxg7 14. h5 Nxb3 15.
axb3 Rc5 16. hxg6 fxg6 17. Nd5 Rf7 18. Nf4 Qc8 {[#]} 19. Nxg6 Rh5 20. Rxh5 Nxh5
21. Nxe7 Rxe7 22. Qg5+ Kh8 23. Qxe7 1-0